| 000 | 00915nam a22002417a 4500 | ||
|---|---|---|---|
| 003 | DO-SdBNP | ||
| 005 | 20240417195416.0 | ||
| 007 | ta | ||
| 008 | 210405b1998 dr a|||| |||| 00| 0 spa d | ||
| 040 | 4 |
_aDO-SdBNP _bspa _cBNPHU |
|
| 082 | 4 |
_a323 _bD295u _222 |
|
| 110 | 0 |
_aCentro Antonio Montecino (CEAM) _978641 |
|
| 245 | 1 | 0 |
_aDeclaración Universal de Derechos Humanos : _b50 Aniversario de la Declaración Universal de Derechos Humanos / _cCentro Antonio Montesino (CEAM) |
| 260 | 2 |
_aSanto Domingo : _bMSC, _c1998. |
|
| 300 |
_a9 p. : _bil. ; _c22 cm. |
||
| 500 | _aCon el auspicio de MISEREOR y la Parroquia S, Felipe de Texas. | ||
| 590 | _aInventariado, 2021 / SA | ||
| 630 | 4 |
_tDeclaración Universal de Derechos Humanos _y1948 _zNaciones Unidas _978650 |
|
| 650 | 4 |
_aDerechos Humanos _y1948 -1998 _zEstados Unidos de América _978648 |
|
| 650 | 0 |
_aDerecho civil _95702 |
|
| 910 | _aSaquino | ||
| 942 |
_2ddc _cLF2 |
||
| 999 |
_c49705 _d49705 |
||